000 00489nam a2200181Ia 4500
003 GCL
008 140319s9999 xx 000 0 eng d
040 _aGCL /
_cGCL
082 0 4 _a751.422434
_bJ P
100 1 _aJACKSON, LAUISE
245 1 0 _aPAINTING FLOWERS IN WATER COLOR WITH LOUISE JACKSON /
_cJACKSON, LAUISE
260 _a[S.N] :
_bNORTH LIGHT BOOKS ،
_c1997
300 _a127 P
650 0 4 _aFLOWERS
650 0 4 _aWATER COLOUR - PAINTING
650 0 4 _aARTS
942 _2ddc
_cBK
999 _c15662
_d15662